<?xml version="1.0" encoding="UTF-8"?>
<marc:record xmlns:marc="http://www.loc.gov/MARC21/slim">
   <marc:leader>00000nam a2200000 a 4500</marc:leader>
   <marc:datafield ind1="1" ind2=" " tag="100">
      <marc:subfield code="a">Saunders, Suzanne</marc:subfield>
      <marc:subfield code="4">aut</marc:subfield>
      <marc:subfield code="e">Verfasser/-in</marc:subfield>
   </marc:datafield>
   <marc:datafield ind1=" " ind2=" " tag="653">
      <marc:subfield code="a">Ratgeber, Familien-</marc:subfield>
   </marc:datafield>
   <marc:datafield ind1=" " ind2=" " tag="653">
      <marc:subfield code="a">ICD10-Q99.2 : Fragiles X-Syndrom</marc:subfield>
   </marc:datafield>
   <marc:datafield ind1=" " ind2=" " tag="653">
      <marc:subfield code="a">ICD10-Q90-99 : Chromosomenanomalien </marc:subfield>
   </marc:datafield>
   <marc:datafield ind1=" " ind2=" " tag="653">
      <marc:subfield code="a">ICD10-Q00-99 : Angeborene Fehlbildungssyndrome</marc:subfield>
   </marc:datafield>
   <marc:datafield ind1=" " ind2=" " tag="653">
      <marc:subfield code="a">ICD10-Q99 : Sonstige Chromosomenanomalien</marc:subfield>
   </marc:datafield>
   <marc:datafield ind1="0" ind2="0" tag="245">
      <marc:subfield code="a">Das Fragile X-Syndrom</marc:subfield>
   </marc:datafield>
   <marc:datafield ind1="0" ind2="0" tag="245">
      <marc:subfield code="b">ein Ratgeber für Fachleute und Eltern</marc:subfield>
   </marc:datafield>
   <marc:datafield ind1="0" ind2="0" tag="245">
      <marc:subfield code="c">Suzanne Saunders</marc:subfield>
   </marc:datafield>
   <marc:datafield ind1=" " ind2="1" tag="264">
      <marc:subfield code="a">Marburg an der Lahn</marc:subfield>
      <marc:subfield code="b">Lebenshilfe-Verl.</marc:subfield>
      <marc:subfield code="c">2003</marc:subfield>
   </marc:datafield>
   <marc:datafield ind1=" " ind2=" " tag="250">
      <marc:subfield code="a">1. Auflage</marc:subfield>
   </marc:datafield>
   <marc:datafield ind1="1" ind2=" " tag="520">
      <marc:subfield code="a">Das Fragile X-Syndrom gilt als die häufigste erbliche Ursache für Lern- und Verhaltensstörungen. Dieses Buch trägt die Fakten zum Fragilen X-Syndrom zusammen: aktuelle Forschungsergebnisse und Ratschläge von Fachleuten, die wirksame Methoden entdeckt haben, Kinder und Jugendliche mit einem Fragilen X-Syndrom fachlich und menschlich zu begleiten. Dies alles ist gekoppelt an die über 15-jährige Erfahrung der Autorin. &lt;br/&gt;So bietet das Buch dringend erforderliche Unterstützung und Hilfen, die man braucht, um diese Kinder und Jugendlichen das lernen zu lassen, wozu sie eigentlich in der Lage sind - und sie so auf ein möglichst selbstbestimmtes Leben als Erwachsene vorzubereiten. &lt;br/&gt;Diese Publikation wendet sich in erster Linie an Lehrkräfte, ist aber auch hervorragend geeignet für Eltern, Therapeuten und weitere Fachleute, die mit Menschen arbeiten, welche das Fragile X-Syndrom haben.</marc:subfield>
   </marc:datafield>
   <marc:datafield ind1=" " ind2=" " tag="020">
      <marc:subfield code="a">9783886173068</marc:subfield>
      <marc:subfield code="9">9783886173068</marc:subfield>
   </marc:datafield>
   <marc:datafield ind1=" " ind2=" " tag="041">
      <marc:subfield code="a">ger</marc:subfield>
   </marc:datafield>
   <marc:datafield ind1=" " ind2=" " tag="500">
      <marc:subfield code="a">Literaturverz. S. 165 - 176</marc:subfield>
   </marc:datafield>
   <marc:datafield ind1="1" ind2=" " tag="521">
      <marc:subfield code="a">16</marc:subfield>
   </marc:datafield>
   <marc:datafield ind1=" " ind2=" " tag="300">
      <marc:subfield code="a">176 S.</marc:subfield>
   </marc:datafield>
</marc:record>
